000 02097nam a2200397 i 4500
001 194801
003 SpMaBN
005 20250530063024.0
008 240513s1976 sp spa
016 7 _abimoBNE20000435394
_zIND9900856906
_2SpMaBN
017 _aAL 176-1976
_bOficina Depósito Legal Almería
020 _a8485219058
035 _a(OCoLC)432856299
040 _aSpMaBN
_bspa
_cCDM
_dES-MaACL
080 _a929 Burgos, Carmen de
080 _a860 Burgos, Carmen de 1.06
100 _aStarcevic, Elizabeth
_9236442
_eaut
245 1 0 _aCarmen de Burgos :
_bdefensora de la mujer /
_cElizabeth Startevic
260 _aAlmería :
_bLibrería Editorial Cajal,
_c1976
300 _a159 páginas ;
_c20 cm
336 _2rdacontent
_atexto
337 _2rdamedia
_asin mediación
338 _2rdacarrier
_avolumen
490 0 _aBiblioteca de temas almerienses. Serie menor ;
_v9
504 _aBibliografía: p. 149-155
520 _aElizabeth Starcevic enseña español en City College de la City University de New York, en donde recibió su título. En la actualidad está preparando el doctorado en el Graduate Center de la misma universidad, precisamente sobre Carmen Burgos. El estudio de esta figura que le fue recomendada por su director de tesis, el profesor Rafael Olivar, llena una brecha dejada por la omisión de la contribución de la mujer en la historia. Los esfuerzos contínuos de Carmen de Burgos en pro de la mujer y el mejoramiento de su sociedad son de suma importancia.
600 1 4 _aBurgos, Carmen de,
_d1867-1932
_2embne
_932646
830 0 _9229855
_aBiblioteca de temas almerienses. Serie menor ;
_v9
852 _aES-MaACL
_cDEPOJ
_jN-9969
_xEncuadernación rústica
_gDedicatoria autógrafa de la autora
_hDonación: Elizabeth Startevic
_9205874
903 _9236442
_aStarcevic, Elizabeth
_ednr
942 _cMONOGRAFIA
_n0
999 _c194801
_d194801